Click the Numbers 1-20 - Statistics

General Stats
  • This quiz has been taken 149 times
  • The average score is 10 of 20
Answer Stats
Hint Answer % Correct
18 18
96%
13 13
92%
3 3
92%
5 5
92%
8 8
92%
12 12
84%
14 14
78%
7 7
76%
6 6
72%
4 4
68%
1 1
58%
15 15
54%
11 11
20%
2 2
8%
17 17
2%
10 10
0%
16 16
0%
19 19
0%
20 20
0%
9 9
0%
No matching quizzes found
Score Distribution
Percent of People with Each Score
Percentile by Number Answered
Your Score History
You have not taken this quiz